000 02400cas a2200517 a 4500
008 751101c18769999fr qr p 0 b0fre c
010 _a09002896
016 7 _a100970021
_2DNLM
022 _a0035-3264
_l0035-3264
_2z
040 _aMnMULS
_cMnMULS
_dNIC
_dCtY
_dInU
_dN
_dInU
_dTxU
_dAIP
_dNSDP
_dDLC
_dNST
_dOCoLC
_dDNLM
_dOCoLC
_dDIBAM
_dNLGGC
_dInU
_dCaQQL
_dInU
_dKRTAS
_dDLC
_dOCoLC
_dAMAZN
_dMiU
_dMH
042 _ansdp
_apcc
050 0 0 _aD1
_b.R6
082 0 4 _a905
_bR45
092 0 4 _a905
_bR4549
_221
099 _a04
_a905 R4549
130 0 _aRevue historique (Paris, France)
222 0 _aRevue historique
245 1 0 _aRevue historique.
260 _aParis :
_bLibrairie G. Baillلere
300 _av. ;
_c25 cm.
310 _aQuarterly,
_b1937-
321 _aBimonthly,
_b1879-
321 _aThree times a year,
_b<1905>-1936
321 _aThree times a year,
_b1876-1878
500 _aImprint varies.
500 _aVols. for 1937-1940 issued in 2 pts: Mâemoires et âetudes (composing v. 179-180, 182-183, 185-186, 188-189 of the Revue), and: Bulletin critiques (composing v. 181, 184, 187, 190).
515 _aIssues for <oct./dâec. 1970-juil. 2009> called also <94. annâee-131. annâee>
515 _aVol. 193 covers 1942/43 combined.
515 _aVols. for 2001-2004 frequently misnumbered.
555 _aVols. 1 (1876)-14 (1880). 1 v.; Vols. 15 (1881)-29 (1885). 1 v.; Vols. 30 (1886)-44 (1890). 1 v.; Vols. 45 (1891)-59 (1895). 1 v.; Vols. 60 (1896)-74 (1900). 1 v.; Vols. 75 (1901)-89 (1905). 1 v.; Vols. 90 (1906)-105 (1910). 1 v.; Vols. 106 (1911)-135 (1920). 1 v.; Vols. 136 (1921)-150 (1925). 1 v.; Vols. 151 (1926)-165 (1930). 1v.; Vols. 166 (1931)-176 (1935). 1 v.; Vols. 177 (1936)-204 (1950). 1 v.
588 _aDescription based on: T. 3e (janv./avr. 1877).
588 _aLatest issue consulted: No 651 (juil. 2009) = t. 311/3.
590 _aLibrary has 16 only
592 _aACQN: aq 94012311
650 0 _aHistory
_vPeriodicals.
650 6 _aHistoire
_vPâeriodiques.
650 7 _aHISTORIA
_xPUBLICACIONES PERIODICAS.
_2renib
650 1 7 _aGeschiedenis.
_2gtt
776 0 8 _iOnline version:
_tRevue historique (Paris, France : Online)
_w(DLC) 2011234622
_w(OCoLC)60627873
905 _aamr
_eRev.
905 _aJamal
_eCat.
942 _2ddc
_cCR
_n0
999 _c126258
_d126258
336 _atext
_2rda content
337 _aUnmediated
_2rdamedia
338 _avolume
_2rdacarrier